00000000nam##2200000za#4500
0019.681754
003CaOODSP
00520210615132516
007ta
008150407|2002||||xxc|||||     f|0| 0 fre|d
020 |a0-662-86689-4
040 |aCaOODSP|bfre
043 |an-cn---
0861 |aE94-320/2002F
1101 |aCanada.|bAgence canadienne de développement international.
24510|aPlan d'action de l'ACDI en matière d'éducation de base
260 |aOttawa - Ontario : |bAgence canadienne de développement international |c2002.
300 |avii, 48p. : |bill. ; |c28 cm.
563 |aCouverture souple
590 |a02-20|b2002-05-17
69107|aAide à l'étranger|2gcpds
69107|aÉducation|2gcpds
69107|aInstitution fédérale|2gcpds
69107|aStratégie|2gcpds
77508|tCIDA'S action plan on basic education |w(CaOODSP)9.648463
7760#|tPlan d'action de l'ACDI en matière d'éducation de base |w(CaOODSP)9.639909